000 00614nam a2200229Ia 4500
003 OSt
005 20220923230339.0
006 a|||||r|||| 00| 0
007 ta
008 Pun
024 _a279,683
037 _cTextual
040 _aARTS
_cARTS
_bPun
041 _2Pun
_aPun
082 _aO153,1NPAx, M1
100 _aਪਾਤਰ, ਸੁਰਜੀਤ
_9156291
245 0 _aਹਵਾ ਵਿਚ ਲਿਖੇ ਹਬਖ਼
260 _c1981
650 _aਪੰਜਾਬੀ ਸਾਹਿਤ
942 _hO153,1NPAx, M1
_cTEXL
_2CC
999 _c384150
_d384150